000 00190 a2200097 4500
020 _a9788492412723
041 _aspa
100 _aGianni Rodari
245 _aTonino el Invisible
942 _cBK
999 _c15190
_d15190